000 00789nam a2200241Ia 4500
003 OSt
005 20220926012235.0
006 a|||||r|||| 00| 0
007 ta
008 220923b |||||||| |||| 00| 0 eng d
037 _cGeneral Book
040 _aRTL
_cRTL
_beng
041 _2eng
_aeng
082 _aX:(B).1.N8, M2
100 _aHildenbrand Werner Ed.
_9248335
245 0 _aAdvances in econometrics
260 _aNew York
_bCambridge University Press
_c1982
300 _axi,301p
_ccm.
490 _aEconometric Society Monographs in Quantitative Economics.2. World Congress Of The Econometric Society (4th), (1980) papers
650 _aMathametical Economics
942 _hX:(B).1.N8, M2
_cGB
_2CC
999 _c622174
_d622174